000 00451nam a2200181Ia 4500
001 2566
005 20260306144816.0
008 260306t2015||||xx |||||||||||||| ||spa||
041 _aESP
082 _a616.89143
_bG23P
100 _aGarcía Licea, Fernando
_eAUT
245 0 _aProcesos básicos en psicoterapia Gestalt
260 _c2015
300 _axviii, 269 páginas :
_c23 cm.
650 _aGEN
654 _aCPS
942 _cLIB
_dJUS
_fJUS
_2ddc
_n
999 _c2566
_d2566